LEADER 00739nam0-22002651i-450- 001 990004580930403321 005 19990530 035 $a000458093 035 $aFED01000458093 035 $a(Aleph)000458093FED01 035 $a000458093 100 $a19990530d1905----km-y0itay50------ba 101 0 $aita 105 $ay-------001yy 200 1 $aTabularium S. Praxedis$fPietro Fedele 210 $aRoma$cA cura della R. Societa' di storia patria$d1905 215 $a128 p.$d22 cm 700 1$aFedele,$bPietro$f<1873-1943>$075714 801 0$aIT$bUNINA$gRICA$2UNIMARC 901 $aBK 912 $a990004580930403321 952 $a5/XV I 24$bbibl.22926$fFLFBC 959 $aFLFBC 996 $aTabularium S. Praxedis$9549791 997 $aUNINA LEADER 01409nam2 22003613i 450 001 NAP0422946 005 20251003044251.0 010 $a9780444532886 100 $a20081117d2008 ||||0itac50 ba 101 | $aeng$adan$ager 102 $anl 181 1$6z01$ai $bxxxe 182 1$6z01$an 183 1$6z01$anc$2RDAcarrier 200 1 $aˆ4: The ‰periodic system$fedited by J. Rud Nielsen 205 $aSpecial limited edition (300 sets) 210 $aAmsterdam [etc.]$cElsevier$d2008 215 $aIX, 765 p., [1] ritr.$d27 cm 300 $aData di ed. sul front.: 1977. 461 1$1001NAP0422902$12001 $aNiels Bohr$ecollected works$fgeneral editor L. Rosenfeld$g[poi] Erik Rüdinger$g[poi] Finn Aaserud$v4 606 $aFisica moderna$2FIR$3CFIC033680$9E 676 $a539$9Fisica moderna$v14 700 1$aBohr$b, Niels$3RAVV061891$4070$0256 702 1$aNielsen$b, Jens Rud$3NAPV108447 790 1$aBohr$b, Niels Henrik David$3MILV261085$zBohr, Niels 790 1$aBohr$b, Niels Henrik David$f <1885-1962>$3NAPV108448$zBohr, Niels 801 3$aIT$bIT-000000$c20081117 850 $aIT-BN0095 912 $aNAP0422946 950 2$aBiblioteca Centralizzata di Ateneo$cv. 1-13$d 01SPECIALI Fis.Mod. 0001$e 0102 0000070835 VMA (0004 v. 4$fY $h20081113$i20081113 977 $a 01 996 $aPeriodic system$91573146 997 $aUNISANNIO